WWE - Goldust's PPV Opponents - Statistics

General Stats
  • This quiz has been taken 413 times
  • The average score is 54 of 109
Answer Stats
Year Event Match Type Answer % Correct
1996 In Your House 8: Beware of Dog Casket Match The Undertaker
88%
1996 In Your House 9: International Incident The Undertaker
88%
1996 In Your House 10: Mind Games Curtain Call Match The Undertaker
88%
1997 Royal Rumble Hunter Hearst Helmsley
85%
1997 WrestleMania 13 Hunter Hearst Helmsley
85%
1996 Survivor Series 4 vs 4 Elimination Match Rocky Maivia
84%
2013 Battleground Tag Team Match Seth Rollins
78%
2013 Hell in a Cell Three-Team Match Seth Rollins
78%
2013 Survivor Series 5 vs 5 Elimination Match Seth Rollins
78%
2013 Battleground Tag Team Match Roman Reigns
76%
2013 Hell in a Cell Three-Team Match Roman Reigns
76%
2013 Survivor Series 5 vs 5 Elimination Match Roman Reigns
76%
1997 In Your House 16: Canadian Stampede 10-Man Tag Team Match Bret Hart
75%
2013 Survivor Series 5 vs 5 Elimination Match Dean Ambrose
75%
1997 In Your House 16: Canadian Stampede 10-Man Tag Team Match Owen Hart
74%
2002 No Mercy Tag Team Match Chris Jericho
68%
2002 Armageddon 4-Team Elimination Match Chris Jericho
68%
2002 SummerSlam Tag Team Match Christian
65%
2002 Unforgiven 8-Man Tag Team Match Christian
65%
2002 No Mercy Tag Team Match Christian
65%
2002 Armageddon 4-Team Elimination Match Christian
65%
2014 Royal Rumble (Kick-Off Show) Tag Team Match Billy Gunn
63%
2013 Tables, Ladders & Chairs 4-Team Elimination Match The Big Show
63%
2014 Royal Rumble (Kick-Off Show) Tag Team Match Road Dogg
62%
2013 Hell in a Cell Three-Team Match Jey Uso
61%
2014 Night of Champions Tag Team Match Jey Uso
61%
2014 Hell in a Cell Tag Team Match Jey Uso
61%
2014 Survivor Series Four-Team Match Jey Uso
61%
2013 Hell in a Cell Three-Team Match Jimmy Uso
61%
2014 Night of Champions Tag Team Match Jimmy Uso
61%
2014 Hell in a Cell Tag Team Match Jimmy Uso
61%
2014 Survivor Series Four-Team Match Jimmy Uso
61%
1999 WrestleMania XV 4-Way Elimination Match Road Dogg
61%
1996 WrestleMania XII Hollywood Backlot Brawl Roddy Piper
60%
2002 Armageddon 4-Team Elimination Match Bubba Ray Dudley
58%
2002 Armageddon 4-Team Elimination Match D-Von Dudley
58%
2014 Survivor Series Four-Team Match The Miz
58%
2015 Survivor Series (Kick-Off Show) 5 vs 5 Elimination Match The Miz
58%
2014 Tables, Ladders & Chairs (Kick-Off Show) Tag Team Match Big E
56%
1997 In Your House 16: Canadian Stampede 10-Man Tag Team Match The British Bulldog
56%
1997 Survivor Series 4 vs 4 Elimination Match The British Bulldog
56%
2014 Tables, Ladders & Chairs (Kick-Off Show) Tag Team Match Kofi Kingston
53%
2002 No Way Out Rob Van Dam
53%
2015 Fastlane Stardust
53%
2015 Survivor Series (Kick-Off Show) 5 vs 5 Elimination Match Stardust
53%
2002 Unforgiven 8-Man Tag Team Match Test
53%
1996 Royal Rumble Razor Ramon
52%
1998 Royal Rumble Vader
51%
1996 SummerSlam Marc Mero
50%
1996 In Your House 11: Buried Alive Marc Mero
50%
1996 Survivor Series 4 vs 4 Elimination Match Marc Mero
50%
1998 WrestleMania XIV Mixed Tag Team Match Marc Mero
50%
2002 Unforgiven 8-Man Tag Team Match William Regal
50%
2002 Armageddon 4-Team Elimination Match William Regal
50%
2013 Survivor Series 5 vs 5 Elimination Match Antonio Cesaro
49%
2013 Tables, Ladders & Chairs 4-Team Elimination Match Antonio Cesaro
49%
1997 In Your House 16: Canadian Stampede 10-Man Tag Team Match Jim Neidhart
49%
1997 Survivor Series 4 vs 4 Elimination Match Jim Neidhart
49%
2013 Survivor Series 5 vs 5 Elimination Match Jack Swagger
47%
2013 Tables, Ladders & Chairs 4-Team Elimination Match Jack Swagger
47%
2013 Tables, Ladders & Chairs 4-Team Elimination Match Rey Mysterio
47%
1998 Survivor Series Ken Shamrock
46%
1999 WrestleMania XV 4-Way Elimination Match Ken Shamrock
46%
1997 In Your House 16: Canadian Stampede 10-Man Tag Team Match Brian Pillman
45%
1997 SummerSlam Brian Pillman
45%
1997 In Your House 17: Ground Zero Brian Pillman
45%
2002 SummerSlam Tag Team Match Lance Storm
45%
2002 Unforgiven 8-Man Tag Team Match Lance Storm
45%
2002 Armageddon 4-Team Elimination Match Lance Storm
45%
1998 Breakdown Val Venis
45%
1998 Judgment Day Val Venis
45%
1999 WrestleMania XV 4-Way Elimination Match Val Venis
45%
2013 Tables, Ladders & Chairs 4-Team Elimination Match Ryback
44%
2014 Elimination Chamber (Kick-Off Show) Tag Team Match Ryback
44%
2014 Payback Tag Team Match Ryback
44%
2014 Money In The Bank Tag Team Match Ryback
44%
1996 King of the Ring Ahmed Johnson
43%
2014 Survivor Series Four-Team Match Damien Mizdow
42%
1997 In Your House 13: Final Four Six-Man Tag Team Match Faarooq
42%
2013 Tables, Ladders & Chairs 4-Team Elimination Match Curtis Axel
41%
2014 Elimination Chamber (Kick-Off Show) Tag Team Match Curtis Axel
41%
2014 Payback Tag Team Match Curtis Axel
41%
2014 Money In The Bank Tag Team Match Curtis Axel
41%
2002 WrestleMania X8 Hardcore Match Maven
38%
2010 Bragging Rights Ted DiBiase
38%
1998 Rock Bottom Jeff Jarrett
37%
1999 Backlash The Godfather
37%
1998 WrestleMania XIV Mixed Tag Team Match Sable
34%
1997 In Your House 13: Final Four Six-Man Tag Team Match Savio Vega
31%
2015 Survivor Series (Kick-Off Show) 5 vs 5 Elimination Match Konnor
29%
1996 Survivor Series 4 vs 4 Elimination Match Jake Roberts
28%
2015 Survivor Series (Kick-Off Show) 5 vs 5 Elimination Match Viktor
28%
1996 In Your House 7: Good Friends, Better Enemies The Ultimate Warrior
27%
1995 In Your House 4: Great White North Marty Jannetty
25%
1997 In Your House 13: Final Four Six-Man Tag Team Match Crush
22%
1997 King of the Ring Crush
22%
2016 Money In The Bank (Kick-Off Show) Tag Team Match Fandango
22%
2014 Survivor Series Four-Team Match Fernando
21%
2015 Survivor Series (Kick-Off Show) 5 vs 5 Elimination Match Bo Dallas
20%
2014 Survivor Series Four-Team Match Diego
20%
2016 Money In The Bank (Kick-Off Show) Tag Team Match Tyler Breeze
20%
1995 Survivor Series Bam Bam Bigelow
18%
1999 St. Valentineès Day Massacre Bluedust
18%
1998 No Way Out of Texas Tag Team Match Mosh
18%
1998 No Way Out of Texas Tag Team Match Thrasher
17%
1996 Survivor Series 4 vs 4 Elimination Match The Stalker
13%
1997 Survivor Series 4 vs 4 Elimination Match Doug Furnas
12%
1997 Survivor Series 4 vs 4 Elimination Match Phil LaFon
12%
2003 Insurrextion Rico
10%
No matching quizzes found
Score Distribution
Percent of People with Each Score
Percentile by Number Answered
Your Score History
You have not taken this quiz